000 004190000a22001810004500
003 MACL
005 20150910153849.0
008 150910b xxu||||| |||| 00| 0 eng d
040 _aMACL
_cMACL
041 _aEnglish
082 _a821/SET
100 _aSeth, Vikram
_96968
245 _aThe Golden Gate
260 _bPenguin Books
_c1986
_aNew Delhi
350 _a125
650 _apoetry
_99966
942 _cBK
_k821
_2ddc
999 _c3942
_d3942